Từ Thái Bình đến Bà Rịa - Long Khánh
Gồm 3 kỳ (Kỳ 2)
保存先:
| 第一著者: | |
|---|---|
| フォーマット: | 図書 |
| 言語: | Undetermined |
| 主題: | |
| オンライン・アクセス: | http://lrc.tdmu.edu.vn/opac/search/detail.asp?aID=2&ID=22909 |
| タグ: |
タグ追加
タグなし, このレコードへの初めてのタグを付けませんか!
|
| Thư viện lưu trữ: | Trung tâm Học liệu Trường Đại học Thủ Dầu Một |
|---|
| LEADER | 00729nam a2200157Ia 4500 | ||
|---|---|---|---|
| 001 | TDMU_22909 | ||
| 008 | 210410s9999 xx 000 0 und d | ||
| 082 | |a 959.7 | ||
| 100 | |a Lê, Mã Lương | ||
| 245 | 0 | |a Từ Thái Bình đến Bà Rịa - Long Khánh | |
| 245 | 0 | |c Lê Mã Lương | |
| 300 | |a 4tr | ||
| 520 | |a Gồm 3 kỳ (Kỳ 2) | ||
| 650 | |a Kháng chiến chống Mỹ; Chiến trường miền Đông Nam Bộ; Bà Rịa - Long Khánh; Tiểu đoàn 440 ; Tiểu đoàn 445 ; Ấp chiến lược Cẩm Mỹ; Lịch sử | ||
| 856 | |u http://lrc.tdmu.edu.vn/opac/search/detail.asp?aID=2&ID=22909 | ||
| 980 | |a Trung tâm Học liệu Trường Đại học Thủ Dầu Một | ||